Alternatívne formy financovania ochrany životného prostredia v samosprávach

Nedostatok finančných zdrojov pre implementáciu požiadaviek environmentálneho acquis EÚ na Slovensku. Mechanizmy podporujúce vstup súkromného sektoru do verejného sektoru pri ochrane životného prostredia. Modely uplatňovania kofinančných mechanizmov orientovaných na podporu súkromného sektoru. Výhod...

Descrizione completa

Salvato in:
Dettagli Bibliografici
Autore principale: Romančíková, Eva
Natura: Capitolo di libro
Lingua:slovacco
Soggetti:
Tags: Aggiungi Tag
Nessun Tag, puoi essere il primo ad aggiungerne!!

MARC

LEADER 00000naa$a2200000$$$4500
001 0086696
005 20220524132158.2
041 0 |a slo 
044 |a CZ 
245 1 0 |a Alternatívne formy financovania ochrany životného prostredia v samosprávach  |c Eva Romančíková 
520 |a Nedostatok finančných zdrojov pre implementáciu požiadaviek environmentálneho acquis EÚ na Slovensku. Mechanizmy podporujúce vstup súkromného sektoru do verejného sektoru pri ochrane životného prostredia. Modely uplatňovania kofinančných mechanizmov orientovaných na podporu súkromného sektoru. Výhody a nevýhody modelu realizačného, kooperačného, koncesionárskeho, kontraktového a BOT (build operate transfer) modelu. Realizácia projektu pomocou BOT modelu, jeho financovanie. Riziká spojené s BOT modelom. 
610 2 0 |a ochrana prostredia životného 
610 2 0 |a formy financovania 
610 2 0 |a samospráva 
610 2 0 |a sektor verejný 
610 2 0 |a sektor súkromný 
610 2 0 |a modely 
100 1 |a Romančíková, Eva